| 000 | 00843nam a2200289Ia 4500 | ||
|---|---|---|---|
| 001 | Para_7847 | ||
| 003 | CHAP | ||
| 008 | 220125s1938 xx 000 0 und d | ||
| 010 | _a206796 | ||
| 040 | _cCHAP | ||
| 082 | _aPA-C 633.51 B84 | ||
| 100 |
_aHumphrey, L.M. _9173090 |
||
| 245 |
_aImprovements in the technique of cotton hybidization / _c by L.M. Humphrey and A.V. Tuller |
||
| 260 |
_aFayetteville, Arkansas : _b University of Arkansas |
||
| 300 | _a11 p. | ||
| 440 |
_aBulletin; 359 _9170870 |
||
| 500 | _aEncuadernado con otros impresos similares | ||
| 650 |
_aAlgodón _x hibridos _94022 |
||
| 700 |
_aTuller, A.V. _9173091 |
||
| 901 | _aPA-C 633.51 B84 | ||
| 902 | _aA | ||
| 905 | _a0000001938 0000000000 00 | ||
| 910 | _a1938 | ||
| 942 | _cPARA | ||
| 942 |
_cPARA _d1 |
||
| 999 |
_c206796 _d206796 |
||